000 00332 a2200157 4500
001 50423
020 _a857406260X
040 _cAnchieta - Bela Vista
100 _aMachado, Ana Maria
240 1 0 _aPonto a ponto
_lpor
245 1 0 _aPonto a ponto
300 _a48
362 0 _a2006
650 4 _aLiteratura juvenil
942 _cBK
999 _c50423
_d50423